| 000 | 00645nam a2200205 a 4500 | ||
|---|---|---|---|
| 001 | 2986 | ||
| 003 | CDMR | ||
| 005 | 20131203161449.0 | ||
| 008 | 130130s1978||||||||||||||||||||||||||||d | ||
| 020 | _a8436800869 | ||
| 040 |
_aCDMR _bcat _cCDMR |
||
| 100 | 1 |
_aSánchez-Bravo Cenjor, Antonio _92191 |
|
| 245 | 1 | 0 |
_aObjetividad en el discurso informativo _cAntonio Sánchez-Bravo Cenjor ; prólogo Ángel Benito |
| 260 |
_aMadrid _c1978 _bPirámide |
||
| 490 | 0 | _aInformación y comunicación (Pirámide) | |
| 650 | 0 | 4 |
_93219 _aPeriodisme _xObjectivitat |
| 650 | 0 | 4 |
_92194 _aInformació, Teoria de la |
| 650 | 0 | 4 |
_94435 _aHermenèutica |
| 942 |
_cMON _2udc |
||
| 999 |
_c2986 _d2986 |
||